[Event "NED-ch U13 Girls"]
[Site "Rijswijk"]
[Date "2011.06.03"]
[Round "6"]
[White "Pelova, Victoria"]
[Black "Wong, Cyndia"]
[Result "1-0"]
[WhiteElo "1198"]
[BlackElo "878"]
[PlyCount "79"]
[EventDate "2011.06.02"]
[EventType "swiss"]
[EventRounds "9"]
[EventCountry "NED"]
[SourceTitle "EXT 2012"]
[Source "ChessBase"]
[SourceDate "2011.11.24"]
[SourceVersion "1"]
[SourceVersionDate "2011.11.24"]
[SourceQuality "1"]

1. d4 d5 2. c4 e6 3. Nc3 Nf6 4. Bf4 Bd6 5. Bxd6 cxd6 6. f4 0-0 7. Nf3 Nc6 8. e3 Re8 9. Be2 a6 10. 0-0 b5 11. b3 Na5 12. cxb5 axb5 13. Bxb5 Re7 14. Re1 Bd7 15. Qd3 Rb8 16. Bxd7 Qxd7 17. Qa6 Nc6 18. Qa3 Ne4 19. Nxe4 dxe4 20. Nd2 d5 21. Rac1 h6 22. Rxc6 Qxc6 23. Qxe7 Qc2 24. Qa7 Rc8 25. Nf1 Qc3 26. Re2 Qd3 27. Kf2 Rc2 28. Rxc2 Qxc2+ 29. Kg1 g5 30. fxg5 hxg5 31. a4 Qxb3 32. a5 Qc2 33. a6 f5 34. Qb8+ Kf7 35. a7 f4 36. a8Q fxe3 37. Qaa7+ Kf6 38. Qe5+ Kg6 39. Qag7+ Kh5 40. Qexg5# 1-0